Modern Olympics Locations (1896-2022) - Statistics

General Stats
  • This quiz has been taken 33 times
  • The average score is 34 of 56
Answer Stats
Year Location % Correct
S-2008 Beijing, China
97%
W-2022 Beijing, China
97%
S-1896 Athens, Greece
94%
S-2004 Athens, Greece
94%
S-1916 (CANCELLED) Berlin, Germany
94%
S-1936 Berlin, Germany
94%
S-1908 London, England
94%
S-1944 (CANCELLED) London, England
94%
S-1948 London, England
94%
S-2012 London, Great Britain
94%
S-1900 Paris, France
94%
S-1924 Paris, France
94%
S-1964 Tokyo, Japan
94%
S-2020 Tokyo, Japan
94%
W-2014 Sochi, Russia
87%
S-1932 Los Angeles, California
84%
S-1984 Los Angeles, California
84%
S-1956 Melbourne, Australia
84%
S-2000 Sydney, Australia
84%
S-1996 Atlanta, Georgia,
81%
S-1992 Barcelona, Spain
81%
S-2016 Rio de Janeiro, Brazil
77%
S-1980 Moscow, Soviet Union
74%
S-1960 Rome, Italy
74%
W-2010 Vancouver, Canada
74%
S-1968 Mexico City, Mexico
71%
S-1988 Seoul, South Korea
71%
S-1972 Munich, Germany
68%
S-1952 Helsinki, Finland
65%
W-2002 Salt Lake City, Utah
65%
S-1912 Stockholm, Sweden
65%
W-1984 Sarajevo, Yugoslavia
58%
S-1904 St. Louis, Missouri
58%
S-1920 Antwerp, Belgium
55%
S-1976 Montreal, Canada
55%
S-1928 Amsterdam, Netherlands
52%
W-2006 Turin, Italy
52%
W-1932 Lake Placid, New York
48%
W-1980 Lake Placid, New York
48%
W-1994 Lillehammer, Norway
42%
W-1964 Innsbruck, Austria
39%
W-1976 Innsbruck, Austria
39%
W-1988 Calgary, Canada
35%
W-1924 Chamonix, France
35%
W-1928 St. Moritz, Switzerland
32%
W-1968 Grenoble, France
26%
W-1948 St Moritz, Switzerland
26%
W-2018 Pyeongchang, South Korea
23%
W-1972 Sapporo, Japan
23%
W-1956 Cortina d'Ampezzo, Italy
19%
W-1998 Nagano, Japan
19%
W-1992 Albertville, France
16%
W-1936 Garmich Partenkirchen, Germany
16%
W-1960 Squaw Valley, California
16%
W-1952 Olso, Norway
0%
S-1940 (CANCELLED) Tokyo, Japan
0%
No matching quizzes found
Score Distribution
Percent of People with Each Score
Percentile by Number Answered
Your Score History
You have not taken this quiz